LEADER 01105nam--2200397---450- 001 990000504860203316 005 20090603104715.0 010 $a0-412-45620-6 035 $a0050486 035 $aUSA010050486 035 $a(ALEPH)000050486USA01 035 $a0050486 100 $a20010612d1991----km-y0itay0103----ba 101 $aeng 102 $aGB 105 $a||||||||001yy 200 1 $aMortgage fraud$fMichael Clarke 210 $aLondon$cChapman & Hall$d1991 215 $a59 p.$d30 cm 410 $12001 461 1$1001-------$12001 606 0 $aProspetti ipotecari$yGran Bretagna 606 0 $aFrode$yGran Bretagna 676 $a345.410263 700 1$aCLARKE,$bMichael$098883 801 0$aIT$bsalbc$gISBD 912 $a990000504860203316 951 $aXXVI.1.D 80 (IG XXI 390)$b76540 EC$cIG XXI$d00231379 959 $aBK 969 $aGIU 979 $aPATTY$b90$c20010612$lUSA01$h1502 979 $c20020403$lUSA01$h1659 979 $aPATRY$b90$c20040406$lUSA01$h1635 979 $aRSIAV3$b90$c20090603$lUSA01$h1047 996 $aMortgage fraud$9887186 997 $aUNISA